Normal view
MARC view
- Self-reliance
Entry Topical Term
001 - CONTROL NUMBER
- control field: 100698
003 - CONTROL NUMBER IDENTIFIER
- control field: NUST
005 - DATE AND TIME OF LATEST TRANSACTION
- control field: 20221018163124.0
008 - FIXED-LENGTH DATA ELEMENTS
- fixed length control field: 221018|| aca||aabn | a|a d
040 ## - CATALOGING SOURCE
- Original cataloging agency: NUST
- Transcribing agency: NUST
150 ## - HEADING--TOPICAL TERM
- Topical term or geographic name entry element: Self-reliance
670 ## - SOURCE DATA FOUND
- Source citation: Work cat.: (NUST)0: Mansharamani, Vikram, author. 100696, Think for yourself :, 2020
